000 00734nam a2200205 i 4500
001 74297
003 ES-MaACL
005 20230906172100.0
007 t|
008 040916s1917 sp ||||1| spa d
100 1 _aGonzález Fragoso, Romualdo.
_958637
245 1 0 _aIntroducción al estudio de la flórula de micromicetos de Cataluña /
_cpor Romualdo González Fragoso.
260 _aBarcelona :
_bMuseo Martorell,
_c1917.
300 _a187p., 1 lám. :
_bil. ;
_c25 cm.
490 1 _aPublicaciones de la Junta de Ciencias Naturales de Barcelona
710 2 _aMuseo Martorell.
_95890
830 0 _aPublicaciones de la Junta de Ciencias Naturales de Barcelona
_9231209
852 _aES-MaACL
_jG-14171
999 _c74297
_d74297